Hollow Knight areas on a map - Statistics

General Stats
  • This quiz has been taken 207 times
  • The average score is 13 of 15
Answers on the Map
Answers color-coded by a green-red scale on the quiz's map according to % correct below.
 
Answer Stats
Answer % Correct
City Of Tears
95%
Crystal Peak
95%
Green Path
95%
Deepnest
94%
Dirtmouth
93%
Forgotten Crossroads
93%
The Hive
91%
Fungal Wastes
88%
Howling Cliffs
86%
Kingdom's Edge
86%
Fog Canyon
85%
Queen's Gardens
83%
Resting Grounds
82%
Royal Waterways
80%
Ancient Basin
76%
No matching quizzes found
Score Distribution
Percent of People with Each Score
Percentile by Number Answered
Your Score History
You have not taken this quiz